Statistiques concernant Kpop - Chansons A-Z - BTS

Cliquez ici pour prendre le quiz!

Statistiques générales

  • Ce quiz a été pris 1 837 fois
  • Le résultat moyen est 14 sur 22

Statistiques - réponses

LettreChansons% Correct
BBoy In Luv | Boyz With Fun | Blanket Kick | Butterfly | Baepsae | Boy Meets Evil | Blood Sweat & Tears | Begin | Best Of Me | Boy With Luv | Black Swan | Butter | Blue & Grey | Born Singer
95%
DDanger | Dope | DNA | Dimple | Dionysus | Dynamite | Dis-ease | Ddaeng | Don't Leave Me
94%
FFire | First Love | Fake Love | Filter | Friends | Fly To My Room | For Youth | Film Out | For You
89%
SSkit | Spine Breaker | So 4 More | Silver Spoon | Save Me | Stigma | Spring Day | Serendipity | Singularity | So What | Seesaw | Shadow | Stay | Sea | Stay Gold | The Stars
78%
NNo More Dream | N.O | Never Mind | Not Today |
76%
MMoving On | Ma City | Mama | Mic Drop | Magic Shop | Mikrokosmos | Make It Right | My Time | Moon
74%
IInterlude | If I Ruled The World | I need U | I'm Fine | Idol | Inner Child
72%
AAttack On Bangtan | Autumn Leaves | Awake | Am I Wrong | Airplane | Anpanman
71%
LLike | Luv In Skool | Let Me Know | Look Here | Love Is Not Over | Lie | Lost | Love Maze | Love Myself | Louder Than Bombs | Life Goes On | Lights
67%
RRain | Run | Reflection | Respect | Run BTS
65%
EEuphoria | Epiphany | Ego
64%
OO!RUL8,2! | ON
63%
PPropose | Pied Piper | Paradise | Persona | Permission To Dance
61%
JJust One Day | Jump | Just Dance | Jamais Vu
56%
WWe Are Bulletproof | We On | Where You From | What Am I To You | War Of Hormone | Whalien 52 | Wings | Wake Up | Wishing On A Star
55%
HHip Hop Lover | Hold Me Tight | House of Cards | Her | Home
52%
TTomorrow | The Most Beautiful Moment In Life | The Truth Untold | Tear | Telepathy | Take Two | The Journey
52%
GGo Go | Good Day
47%
CCoffee | Cypher | Could You Turn Off Your Cell Phone | Converse High | Crystal Snow | Calling
45%
YYoung Forever | You Never Walk Alone | Yet To Come | Your Eyes Tell
45%
UUgh !
23%
ZZero O'Clock
23%

Distribution des résultats

Percentile par nombre de réponses

% des personnes avec chaque résultat

Votre développement - résultats

Vous n’avez pas pris ce quiz